Formula 1 2024 Calendar - Statistics

General Stats
  • This quiz has been taken 198 times
  • The average score is 14 of 24
Answer Stats
Date Track % Correct
23rd November Las Vegas
73%
26th May Monaco
73%
1st September Monza
72%
5th May Miami
71%
7th July Silverstone
70%
19th May Imola
68%
24th March Melbourne
67%
7th April Suzuka
64%
9th March Jeddah
61%
27th October Mexico City
61%
15th September Baku
60%
20th October Austin
59%
8th December Yas Marina
58%
25th August Zandvoort
55%
21st July Hungaroring
54%
21st April Shanghai
53%
3rd November Interlagos
51%
30th June Red Bull Ring
50%
22nd September Marina Bay
49%
9th June Montreal
47%
2nd March Sakhir
47%
28th July Spa Francorchamps
46%
23rd June Catalunya
36%
1st December Losail
35%
No matching quizzes found
Score Distribution
Percent of People with Each Score
Percentile by Number Answered
Your Score History
You have not taken this quiz